Cytoplasmic DNAs and nuclear rDNA restriction fragment length polymorphisms in commercial witloof chicories (Record no. 56712)

MARC details
000 -LEADER
fixed length control field 00542nam a2200193Ia 4500
100 ## - MAIN ENTRY--AUTHOR NAME
Personal name Bellamy A
245 #0 - TITLE STATEMENT
Title Cytoplasmic DNAs and nuclear rDNA restriction fragment length polymorphisms in commercial witloof chicories
260 ## - PUBLICATION, DISTRIBUTION, ETC. (IMPRINT)
Name of publisher Theoretical and Applied Genetics
Year of publication 1995
300 ## - PHYSICAL DESCRIPTION
Number of Pages 505-509
650 ## - SUBJECT ADDED ENTRY--TOPICAL TERM
Topical Term Chloroplast DNA
650 ## - SUBJECT ADDED ENTRY--TOPICAL TERM
Topical Term Mitochondrial DNA
650 ## - SUBJECT ADDED ENTRY--TOPICAL TERM
Topical Term rDNA
650 ## - SUBJECT ADDED ENTRY--TOPICAL TERM
Topical Term RFLP
700 ## - ADDED ENTRY--PERSONAL NAME
Personal name Bannercot H
700 ## - ADDED ENTRY--PERSONAL NAME
Personal name Mathieu C
700 ## - ADDED ENTRY--PERSONAL NAME
Personal name Vedel F
942 ## - ADDED ENTRY ELEMENTS (KOHA)
Koha item type Journals
Holdings
Withdrawn status Lost status Damaged status Not for loan Home library Current library Shelving location Date acquired Serial Enumeration / chronology Koha item type
      Journals RRII Library RRII Library RFLP 17/12/2021 Volume 91, Issue 3 Journals